000
00205 a2200097 4500
020
_a
9789996431067
041
_a
spa
100
_a
Marcelo f Valle Fonrouge
245
_a
Cortazar en Solentiname
942
_c
BK
999
_c
13710
_d
13710